000 00395nam a2200145Ia 4500
008 100122s9999 xx 000 0 und d
082 _b62226
_a823.08
100 _aभावे पु भा
245 _aसार्थक
260 _bप्रतिमा प्रकाशन
_c2002
300 _a157
630 _aसार्थक
730 _aसार्थक
942 _cBOOK
999 _c436615
_d436612